<?xml version="1.0" encoding="UTF-8"?>
<collection xmlns="http://www.loc.gov/MARC21/slim">
  <record>
    <leader>00000nam  2200000   4500</leader>
    <controlfield tag="001">INLIS000000000018700</controlfield>
    <controlfield tag="005">20241206101728</controlfield>
    <datafield tag="035" ind1="#" ind2="#">
      <subfield code="a">0010-1224000071</subfield>
    </datafield>
    <controlfield tag="007">ta</controlfield>
    <controlfield tag="008">241206################g##########0#ind##</controlfield>
    <datafield tag="020" ind1="#" ind2="#">
      <subfield code="a">979 8190 83 1</subfield>
    </datafield>
    <datafield tag="082" ind1="#" ind2="#">
      <subfield code="a">658.81</subfield>
    </datafield>
    <datafield tag="084" ind1="#" ind2="#">
      <subfield code="a">658.81 SIM m</subfield>
    </datafield>
    <datafield tag="100" ind1=" " ind2="#">
      <subfield code="a">Simamora, Henry</subfield>
    </datafield>
    <datafield tag="245" ind1="1" ind2="#">
      <subfield code="a">Manajemen Pemasaran Internasional Jilid I /</subfield>
      <subfield code="c">Henry Simamora</subfield>
    </datafield>
    <datafield tag="250" ind1="#" ind2="#">
      <subfield code="a">Cetakan ke 1</subfield>
    </datafield>
    <datafield tag="260" ind1="#" ind2="#">
      <subfield code="a">Jakarta :</subfield>
      <subfield code="b">Salemba Empat,</subfield>
      <subfield code="c">2000</subfield>
    </datafield>
    <datafield tag="300" ind1="#" ind2="#">
      <subfield code="a">521 halaman :</subfield>
      <subfield code="b">ilus ;</subfield>
      <subfield code="c">26 cm</subfield>
    </datafield>
    <datafield tag="650" ind1="#" ind2="4">
      <subfield code="a">Marketing</subfield>
    </datafield>
    <datafield tag="520" ind1="#" ind2="#">
      <subfield code="a">Buku Manajemen Pemasaran Internasional yang berdiri atas dua jilid ini lebih ditujukan kepada para peserta program magister manajemen (dan mahasiswa program S1 jurusan manajemen yang berminat sangat serius untuk memahami bidang ini) untuk mendalami dan menguasai berbagai aspek pemasaran dalam konteks global. Dalam Jilid I buku teks ini antara lain dikupas: aspek-aspek pemasaran internasional; berbagai teori mutakhir, kebijakan, dan hambatan yang lazim ditemui pada saat berkiprah di pasar internasional; beraneka ragam lingkungan (antara lain: lingkungan ekonomi internasional, lingkungan kultural internasional, lingkungan politis internasional, lingkungan yuridis internasional, dan lingkungan finansial internasional) yang akan dihadapi oleh para pemasar internasional. Selain itu, melalui jilid satu buku ini juga diulas tuntas beragam jargon manajemen seperti FDI, franchising, licensing, joint venture, turnkey project, greenfield operation, dan strategic alliances.&#13;
&#13;
Buku ini mempunyai desain khusus sehingga memungkinkan para mahasiswa yang belum mengambil mata kuliah Pemasaran I dan II (sebagai prasyarat mata kuliah Manajemen Pemasaran Internasional) serta khalayak awam, yang bukan dari latar belakang jurusan manajemen, sanggup mengerti berbagai aspek manajemen pemasaran internasional! Desain khusus ini menjadi competitive advantage buku ini dibandingkan buku-buku teks manajemen pemasaran internasional lainnya yang memang masih terbilang sangat langka di pasar.</subfield>
    </datafield>
    <datafield tag="990" ind1="#" ind2="#">
      <subfield code="a">04128933</subfield>
    </datafield>
    <datafield tag="990" ind1="#" ind2="#">
      <subfield code="a">06039859</subfield>
    </datafield>
    <datafield tag="990" ind1="#" ind2="#">
      <subfield code="a">04128931</subfield>
    </datafield>
  </record>
</collection>
